000 01580 a2200229 4500
003 Nust
005 20170207153117.0
010 _a 99037546
020 _a0130125075
040 _cNust
082 0 0 _a005.133
100 1 _aDeitel, Harvey M.,
245 1 0 _aJava :how to program /
_cH.M. Deitel, P.J. Deitel.
250 _a3rd ed.
260 _aUpper Saddle River, NJ :
_bPrentice Hall,
_c1999.
300 _alx, 1355 p. :
_bcol. ill. ;
_c24 cm. +
_e1 computer optical disc (4 3/4 in.).
440 0 _aHow to program series
505 _aIntroduction to Computers, the Internet and the Web(Page-1), Introduction to Java Applications (Page-35), Introduction to Java Applets (Page-76), Control Structures: Part 1(Page-112), Control Structures: Part 2 (Page-157), Methods (Page-202), Arrays (Page-268), Object-Based Programming (Page-324), Object-Oriented Programming (Page-384), Strings and Characters (Page-455), Graphics and Java 2D (Page-513), Basic Graphical User Interface Components (Page-556), Advanced Graphical User Interfaces (Page-625), Exception Handling (Page-698), Multithreading (Page-733), Multimedia: Images, Animation, Audio and Video (Page-774), Files and Streams (Page-817), Java Database Connectivity (JDBC) (Page-886), Servlets (Page-935), Remote Method Invocation (RMI) (Page-980), Networking (Page-1002), Data Structures (Page-1051), Java Utilities Package and Bit Manipulation (Page-1101), Collections (Page-1150), Java Beans(Page-1184),
538 _aAlmeria No 5 and Shelf no 4
650 0 _aJava (Computer program language)
700 1 _aDeitel, Paul J.
942 _2ddc
_cBK
999 _c179331
_d179331